000 02656cam a22011294i 4500
003 PE-LiUPU
005 20250813185351.0
008 s1986 r 000 0 spa d
035 _a(Sirsi) a204013
040 _aPE-LiUPU
_bspa
_cPE-LiUPU
_erda
049 _aPRUA
082 0 4 _a320.01
_bH26
100 1 _ahave, Václav,
_eautor.
245 _aLiving in truth :
_bTwenty-Two essays published on the occasion of the award of the Erasmus Prize to Václav Havel /
_cVáclav have.
264 _aBoston :
_bFaber and faber,
_c1986.
300 _a315 páginas ;
_c19 centímetros.
336 _text
_2rdacontent
337 _unmediated
_2rdamedia
338 _volume
_2rdacarrier
505 0 _aIntrouction -- Letter to Dr. Gustáv Husák -- The power of the powerless -- Six asides about culture -- Politics and conscience -- Thriller -- An anatomy of reticence.
526 _aP202
526 _aP201
526 _aP163
526 _aP162
526 _aP161
526 _aP160
526 _aP148
526 _aP147
526 _aP146
526 _aP145
526 _aP144
526 _aP143
526 _aP142
526 _aP141
526 _aP140
526 _aP139
526 _aP138
526 _aP137
526 _aP136
526 _aP135
526 _aP134
526 _aP133
526 _aP129
526 _aP128
526 _aP127
526 _aP120
526 _aP119
526 _aP118
526 _aP116
526 _aP115
526 _aP114
526 _aP110
526 _aP109
526 _aP108
526 _aP104
526 _aP103
526 _aP102
526 _aP99
526 _aP98
526 _aP97
526 _aP96
526 _aP95
526 _aP93
526 _aP90
526 _aP89
526 _aP88
526 _aP83
526 _aP82
526 _aP62
526 _aP59
526 _aP58
526 _aP57
526 _aP51
526 _aP49
526 _aP48
526 _aP47
526 _aP29
526 _aP24
526 _aP20
526 _aP19
526 _aP17
526 _aP15
526 _aP14
526 _aP12
526 _aP10
526 _aP09
526 _aP08
526 _aP07
526 _aP06
526 _aP05
526 _aP04
526 _aP01
596 _a1
942 _2ddc
_cBOOK
999 _a320.01 H26
_wLC
_c20391
_i75837
_f2021-11-11
_g4
_lCCODEBUL1
_mBUL
_r0
_sY
_tBOOK
_u2017-5-22
_xTEOLOGIA
_PP85
_0COMPRA
_o.STAFF. Colección Teología
_d20391
980 _81
_gALBERTO SANCHEZ Responsable de Automatización